[Event "POL-chT 2nd League"]
[Site "Jastrzebia Gora"]
[Date "2022.09.10"]
[Round "8.44"]
[White "Duch, Mariusz"]
[Black "Dzierzak, Radoslaw"]
[Result "1-0"]
[WhiteElo "2194"]
[BlackElo "2254"]
[PlyCount "137"]
[EventDate "2022.09.03"]
[EventType "team-swiss"]
[EventRounds "9"]
[EventCountry "POL"]
[SourceTitle "CBM 210 Extra"]
[Source "ChessBase"]
[SourceDate "2022.11.30"]
[SourceVersion "1"]
[SourceVersionDate "2022.11.30"]
[SourceQuality "1"]
[WhiteTeam "Plock Hetman"]
[BlackTeam "Gliwice Politechnika Slaska"]
[WhiteTeamCountry "POL"]
[BlackTeamCountry "POL"]

1. Nf3 Nf6 2. g3 d5 3. Bg2 c5 4. 0-0 e6 5. d3 Nc6 6. Nbd2 Be7 7. e4 Qc7 8. Re1 dxe4 9. dxe4 e5 10. c3 Be6 11. Qe2 0-0 12. Nf1 h6 13. Nh4 Bg4 14. Bf3 Be6 15. Ne3 Rfd8 16. Nhf5 Bf8 17. Ng4 Nxg4 18. Bxg4 Ne7 19. Nxe7+ Qxe7 20. Be3 c4 21. Red1 b6 22. h4 g6 23. Bxe6 Qxe6 24. h5 g5 25. g4 Rd3 26. Rxd3 cxd3 27. Qf3 Rd8 28. b3 Qc6 29. Bd2 Bc5 30. Rd1 Rd6 31. Be1 Rf6 32. Qxd3 Rf4 33. b4 Rxg4+ 34. Kf1 Bf8 35. f3 Rf4 36. Bg3 Rf6 37. Bxe5 Re6 38. Qd5 Qe8 39. Bd4 Rd6 40. Qf5 Bg7 41. Rd2 Qc6 42. e5 Re6 43. Kf2 Qe8 44. Re2 f6 45. Re4 fxe5 46. Be3 Rf6 47. Qg4 Qf7 48. c4 b5 49. Kg2 bxc4 50. Rxc4 Bf8 51. Rc2 Kh8 52. Qe4 Qxh5 53. Rc7 Bg7 54. Rc8+ Rf8 55. Rxf8+ Bxf8 56. Qxe5+ Kg8 57. Qd5+ Qf7 58. Qxf7+ Kxf7 59. b5 Ke6 60. Bxa7 Kd5 61. Be3 Kc4 62. b6 Bd6 63. b7 Kb5 64. Ba7 Ka4 65. b8Q Bxb8 66. Bxb8 Ka3 67. Kg3 h5 68. Bd6+ Kxa2 69. Be7 1-0

[Event "Mazowiec-chT op 1819"]
[Site "Warsaw"]
[Date "2018.12.02"]
[Round "1.13"]
[White "Duch, Mariusz"]
[Black "Suliborski, Jakub"]
[Result "1/2-1/2"]
[WhiteElo "2218"]
[BlackElo "2111"]
[PlyCount "54"]
[EventDate "2018.12.02"]
[EventType "team-swiss"]
[EventRounds "10"]
[EventCountry "POL"]
[SourceTitle "EXT 2020"]
[Source "ChessBase"]
[SourceDate "2019.10.17"]
[SourceVersion "1"]
[SourceVersionDate "2019.10.17"]
[SourceQuality "1"]

1. Nf3 c5 2. c4 Nc6 3. Nc3 g6 4. e3 Bg7 5. d4 cxd4 6. exd4 d6 7. h3 a5 8. Be3 Nf6 9. d5 Nb4 10. a3 Na6 11. Bd3 0-0 12. 0-0 Nd7 13. Nd4 Ndc5 14. Bc2 e5 15. dxe6 fxe6 16. b4 e5 17. Ndb5 Ne6 18. Nxd6 Nd4 19. c5 Qh4 20. Bb3+ Kh8 21. Nf7+ Rxf7 22. Bxf7 Nc7 23. Nd5 Ncb5 24. Bxd4 Nxd4 25. Nb6 Bxh3 26. Nxa8 Bxg2 27. Kxg2 Qg5+ 1/2-1/2

[Event "POL-chT rapid"]
[Site "Zgierz"]
[Date "2018.03.03"]
[Round "4.23"]
[White "Szustakowski, Antoni"]
[Black "Duch, Mariusz"]
[Result "0-1"]
[WhiteElo "2297"]
[BlackElo "2229"]
[PlyCount "92"]
[EventDate "2018.03.03"]
[EventType "team-swiss (rapid)"]
[EventRounds "9"]
[EventCountry "POL"]
[SourceTitle "CBM 183 Extra"]
[Source "ChessBase"]
[SourceDate "2018.04.19"]
[SourceVersion "1"]
[SourceVersionDate "2018.04.19"]
[SourceQuality "1"]
[WhiteTeam "Warszawa Polonia"]
[BlackTeam "Gostynin Gostmat 83"]
[WhiteTeamCountry "POL"]
[BlackTeamCountry "POL"]

1. d4 d6 2. Nf3 f5 3. g3 Nf6 4. Bg2 g6 5. 0-0 Bg7 6. b3 0-0 7. Bb2 c6 8. c4 Na6 9. Nc3 h6 10. Re1 g5 11. e4 fxe4 12. Nxe4 Nxe4 13. Rxe4 Bf5 14. Re3 Qd7 15. Qd2 Rf7 16. Rae1 Raf8 17. d5 Bxb2 18. Qxb2 c5 19. Nd2 Nc7 20. Ne4 Bh3 21. Qe2 Bxg2 22. Kxg2 Qf5 23. Qh5 Kg7 24. h4 gxh4 25. Qxh4 Qg6 26. R1e2 e5 27. f3 a6 28. g4 b5 29. Ng3 Ne8 30. Re1 Kh7 31. Rh1 Rg8 32. Kf2 Nf6 33. Nf5 h5 34. Ke2 e4 35. Nxd6 exf3+ 36. Kd2 Nxg4 37. Nxf7 Nxe3 38. Qxh5+ Qxh5 39. Rxh5+ Kg6 40. Rg5+ Kxf7 41. Rxg8 f2 42. Kxe3 f1Q 43. Rg3 Qe1+ 44. Kf3 bxc4 45. bxc4 Qc3+ 46. Kf2 Qxc4 0-1

[Event "Mazowiec-chT op 1718"]
[Site "Warsaw"]
[Date "2018.02.04"]
[Round "5.9"]
[White "Maj, Pawel1111"]
[Black "Duch, Mariusz"]
[Result "1/2-1/2"]
[WhiteElo "2079"]
[BlackElo "2229"]
[PlyCount "62"]
[EventDate "2017.12.03"]
[EventType "team-swiss"]
[EventRounds "10"]
[EventCountry "POL"]
[SourceTitle "EXT 2020"]
[Source "ChessBase"]
[SourceDate "2019.10.17"]
[SourceVersion "1"]
[SourceVersionDate "2019.10.17"]
[SourceQuality "1"]

1. c4 f5 2. Nf3 Nf6 3. Nc3 g6 4. d4 Bg7 5. Bg5 d6 6. h4 Nbd7 7. Qd2 h6 8. Bf4 e5 9. dxe5 Ne4 10. Nxe4 fxe4 11. Qc2 Nc5 12. exd6 0-0 13. Be3 Qxd6 14. Rd1 Nd3+ 15. exd3 exf3 16. gxf3 c5 17. Kd2 Bf5 18. Bh3 Rad8 19. Bxf5 Rxf5 20. Rh3 Rdf8 21. Rg1 Rxf3 22. Rxf3 Rxf3 23. Ke2 Rh3 24. Qa4 Qf6 25. Qe8+ Kh7 26. Qe4 b6 27. Rg4 Qxb2+ 28. Kf1 Qb1+ 29. Ke2 Qb2+ 30. Kf1 Qb1+ 31. Ke2 Qb2+ 1/2-1/2

[Event "Polanica Zdroj op-B 48th"]
[Site "Polanica Zdroj"]
[Date "2012.08.25"]
[Round "8"]
[White "Duch, Mariusz"]
[Black "Lizak, Grzegorz"]
[Result "1-0"]
[WhiteElo "2255"]
[BlackElo "1773"]
[PlyCount "70"]
[EventDate "2012.08.18"]
[EventType "swiss"]
[EventRounds "9"]
[EventCountry "POL"]
[SourceTitle "EXT 2014"]
[Source "ChessBase"]
[SourceDate "2013.11.20"]
[SourceVersion "1"]
[SourceVersionDate "2013.11.20"]
[SourceQuality "1"]

1. d4 d5 2. Nf3 Nc6 3. Bf4 Bf5 4. e3 a6 5. Bd3 e6 6. a3 f6 7. Bxf5 exf5 8. h3 Nge7 9. Nbd2 Ng6 10. Bg3 Bd6 11. Bxd6 Qxd6 12. g3 0-0 13. Rc1 b5 14. c3 Rfe8 15. 0-0 Nd8 16. Ne1 Nf7 17. h4 Nh6 18. Nd3 Ng4 19. Nf3 Nxe3 20. fxe3 Qxg3+ 21. Kh1 Rxe3 22. Nde1 Nxh4 23. Rg1 Qh3+ 24. Nh2 Rae8 25. Rc2 Rg3 26. Rxg3 Qxg3 27. Re2 Re4 28. Nd3 Nf3 29. Rg2 Qh3 30. Qxf3 Qh6 31. Qxf5 Qe3 32. Qxd5+ Kf8 33. Nc5 Re7 34. Rg1 h5 35. Qxh5 c6 1-0

[Event "Polanica Zdroj op-B 48th"]
[Site "Polanica Zdroj"]
[Date "2012.08.22"]
[Round "5"]
[White "Powalka, Michal"]
[Black "Duch, Mariusz"]
[Result "1-0"]
[WhiteElo "1732"]
[BlackElo "2255"]
[PlyCount "57"]
[EventDate "2012.08.18"]
[EventType "swiss"]
[EventRounds "9"]
[EventCountry "POL"]
[SourceTitle "EXT 2014"]
[Source "ChessBase"]
[SourceDate "2013.11.20"]
[SourceVersion "1"]
[SourceVersionDate "2013.11.20"]
[SourceQuality "1"]

1. e4 c5 2. Nf3 d6 3. d4 cxd4 4. Nxd4 Nf6 5. Nc3 g6 6. Be3 Bg7 7. f3 0-0 8. Qd2 Nc6 9. 0-0-0 Bd7 10. g4 Ne5 11. h4 Qc7 12. h5 Nc4 13. Bxc4 Qxc4 14. hxg6 fxg6 15. Bh6 Rf7 16. Bxg7 Rxg7 17. Kb1 Rd8 18. g5 Nh5 19. Rh2 Rf8 20. Nd5 e5 21. Nf5 Bxf5 22. exf5 Rd7 23. fxg6 hxg6 24. Rxh5 gxh5 25. Nf6+ Rxf6 26. gxf6 Qf4 27. Qd5+ Rf7 28. Rg1+ Kf8 29. Qxd6+ 1-0

[Event "Polanica Zdroj op-B 48th"]
[Site "Polanica Zdroj"]
[Date "2012.08.21"]
[Round "4"]
[White "Gromada, Andrzej"]
[Black "Duch, Mariusz"]
[Result "1-0"]
[WhiteElo "1923"]
[BlackElo "2255"]
[PlyCount "91"]
[EventDate "2012.08.18"]
[EventType "swiss"]
[EventRounds "9"]
[EventCountry "POL"]
[SourceTitle "EXT 2014"]
[Source "ChessBase"]
[SourceDate "2013.11.20"]
[SourceVersion "1"]
[SourceVersionDate "2013.11.20"]
[SourceQuality "1"]

1. d4 Nf6 2. Nf3 g6 3. c4 Bg7 4. Nc3 d5 5. Qb3 c6 6. Bf4 0-0 7. e3 e6 8. h3 Qb6 9. Bd6 Re8 10. Be2 Bf8 11. Bh2 Nbd7 12. 0-0 dxc4 13. Bxc4 Qa5 14. Rad1 Nb6 15. Bd3 Nbd5 16. Ne5 Nd7 17. Nxd7 Bxd7 18. Qxb7 Qd8 19. Ne4 Qc8 20. Qxc8 Bxc8 21. Rc1 Bb7 22. Nc5 Bxc5 23. Rxc5 f5 24. a3 a5 25. Be5 Ba6 26. Rd1 Bxd3 27. Rxd3 Rec8 28. Rb3 Ra7 29. f3 Kf7 30. Bb8 Ra8 31. Rb7+ Kg8 32. Be5 Nxe3 33. Rg7+ Kf8 34. Rxh7 Nd5 35. Rxa5 Rxa5 36. Rh8+ Ke7 37. Rxc8 Kd7 38. Rg8 Ne7 39. Rg7 Ke8 40. Bd6 Nc8 41. Bc5 Rb5 42. b4 Rb8 43. a4 Ra8 44. a5 Ra6 45. Rg8+ Kd7 46. Rxg6 1-0

[Event "POL-chT1"]
[Site "Mrzezyno"]
[Date "2011.09.10"]
[Round "8"]
[White "Duch, Mariusz"]
[Black "Hnydiuk, Aleksander"]
[Result "0-1"]
[WhiteElo "2262"]
[BlackElo "2412"]
[PlyCount "84"]
[EventDate "2011.09.03"]
[EventType "team-tourn"]
[EventRounds "9"]
[EventCountry "POL"]
[SourceTitle "CBM 144 Extra"]
[Source "ChessBase"]
[SourceDate "2011.10.28"]
[SourceVersion "1"]
[SourceVersionDate "2011.10.28"]
[SourceQuality "1"]
[WhiteTeam "Gostynin Gostmat 83 "]
[BlackTeam "Brzeg Prokonex"]
[WhiteTeamCountry "POL"]
[BlackTeamCountry "POL"]

1. g3 d5 2. Bg2 e5 3. d3 c6 4. c4 Nf6 5. Nf3 Bd6 6. 0-0 dxc4 7. dxc4 Qe7 8. Nc3 h6 9. Qc2 0-0 10. Nh4 Qe6 11. b3 Na6 12. e4 Qe7 13. a3 Re8 14. b4 Qc7 15. Bb2 Be6 16. Qe2 Rad8 17. Rac1 Qb8 18. c5 Bf8 19. f4 Bc8 20. fxe5 Ng4 21. Nd1 Nxe5 22. Ne3 Nd3 23. Ba1 Nxc1 24. Rxc1 Nc7 25. Rf1 b6 26. Nef5 Bxf5 27. Nxf5 Ne6 28. Qg4 g6 29. h4 h5 30. Qf3 gxf5 31. Qxf5 Rd7 32. Be5 Qd8 33. Bf6 Qc7 34. e5 Ng7 35. Qg5 Rd4 36. Bh3 Re4 37. Rf5 Qd7 38. Qh6 Qd4+ 39. Kh2 Re2+ 40. Kh1 Qe4+ 41. Kg1 Re1+ 42. Bf1 Qxf5 0-1

[Event "POL-chT 2nd League"]
[Site "Miedzyzdroje"]
[Date "2009.09.12"]
[Round "1"]
[White "Duch, Mariusz"]
[Black "Staroszczyk, Mateusz"]
[Result "1-0"]
[WhiteElo "2249"]
[BlackElo "2052"]
[PlyCount "121"]
[EventDate "2009.09.12"]
[EventType "team-swiss"]
[EventRounds "9"]
[EventCountry "POL"]
[SourceTitle "EXT 2019"]
[Source "ChessBase"]
[SourceDate "2018.10.10"]
[SourceVersion "1"]
[SourceVersionDate "2018.10.10"]
[SourceQuality "1"]
[WhiteTeam "Gostynin Gostmat 83"]
[BlackTeam "Zielonka Zieloni"]
[WhiteTeamCountry "POL"]
[BlackTeamCountry "POL"]

1. Nf3 c5 2. g3 Nc6 3. d4 cxd4 4. Nxd4 g6 5. c4 Bg7 6. Nc2 Nf6 7. Bg2 0-0 8. 0-0 d6 9. Nc3 Be6 10. b3 Qd7 11. Bb2 Bh3 12. Rb1 Bxg2 13. Kxg2 Rac8 14. Qd2 Rfd8 15. Rfd1 Ne5 16. Ne3 Qc6+ 17. Kg1 Bh6 18. Ncd5 Nxd5 19. Nxd5 Bf8 20. Qd4 f6 21. Qxa7 Ra8 22. Qd4 Kf7 23. a4 Bg7 24. Nf4 e6 25. h4 f5 26. Qe3 Re8 27. Qc3 Bf6 28. Qb4 Red8 29. Nd3 Ng4 30. Bxf6 Nxf6 31. c5 Ne4 32. cxd6 Qxd6 33. Qxb7+ Kf6 34. Qb4 Qxb4 35. Nxb4 Rxd1+ 36. Rxd1 Rb8 37. Nd3 Rxb3 38. Ra1 Nc3 39. Kf1 e5 40. a5 Nb5 41. Ra2 e4 42. Rb2 Ra3 43. Rxb5 exd3 44. exd3 Rxd3 45. Rb7 Ra3 46. Ra7 Ke5 47. a6 f4 48. Ra8 f3 49. Kg1 Kf5 50. Kh2 Kg4 51. Rf8 Rxa6 52. Rf4+ Kh5 53. Rxf3 Ra7 54. Kh3 Kh6 55. g4 Kg7 56. Rb3 Rc7 57. Kg3 Kf6 58. Rb5 Rc3+ 59. f3 Rc7 60. h5 gxh5 61. Rxh5 1-0

[Event "POL-chT 2nd League"]
[Site "Ustron"]
[Date "2008.09.07"]
[Round "2.56"]
[White "Duch, Mariusz"]
[Black "Kuciel, Wladyslaw"]
[Result "1/2-1/2"]
[WhiteElo "2269"]
[BlackElo "2129"]
[PlyCount "50"]
[EventDate "2008.09.06"]
[EventType "team-swiss"]
[EventRounds "9"]
[EventCountry "POL"]
[SourceTitle "EXT 2015"]
[Source "ChessBase"]
[SourceDate "2014.11.20"]
[SourceVersion "1"]
[SourceVersionDate "2014.11.20"]
[SourceQuality "1"]
[WhiteTeam "Gostynin Gostmat 83"]
[BlackTeam "Katowice Hetman Szopienice"]
[WhiteTeamCountry "POL"]
[BlackTeamCountry "POL"]

1. Nf3 Nf6 2. g3 c5 3. Bg2 Nc6 4. 0-0 d5 5. c4 d4 6. d3 e5 7. b4 cxb4 8. a3 bxa3 9. Bxa3 Bxa3 10. Nxa3 0-0 11. Qa4 Qe7 12. Nc2 Bd7 13. Rfb1 Rab8 14. Nd2 Qe6 15. Nb4 Nxb4 16. Qxb4 a6 17. Bxb7 Qg4 18. Qd6 Qxe2 19. Ne4 Nxe4 20. Bxe4 Rxb1+ 21. Rxb1 Bh3 22. Qxe5 Qc2 23. Re1 Qc3 24. Rb1 Qc2 25. Re1 Qc3 1/2-1/2

[Event "Darmstadt Heinerfestpokal op"]
[Site "Darmstadt"]
[Date "1995.??.??"]
[Round "?"]
[White "Duch, Mariusz"]
[Black "Berndt, Walter"]
[Result "1-0"]
[WhiteElo "2260"]
[BlackElo "2310"]
[PlyCount "42"]
[EventDate "1995.??.??"]
[EventType "swiss"]
[EventRounds "9"]
[EventCountry "GER"]
[SourceTitle "EXT 2001"]
[Source "ChessBase"]
[SourceDate "2000.11.22"]
[SourceVersion "1"]
[SourceVersionDate "2000.11.22"]
[SourceQuality "1"]

1. d4 d5 2. c4 e6 3. Nf3 c6 4. Qc2 Bd6 5. g3 Nf6 6. Nbd2 Nbd7 7. Bg2 0-0 8. 0-0 e5 9. dxe5 Nxe5 10. b3 Re8 11. Bb2 Qe7 12. Nd4 Neg4 13. cxd5 Nxd5 14. Nc4 Bc5 15. e4 Nb4 16. Qe2 Qg5 17. a3 Nd5 18. b4 Bf8 19. h3 Ngf6 20. Qd3 Nb6 21. Ne3 Na4 1-0

[Event "Polanica Zdroj op"]
[Site "Polanica Zdroj"]
[Date "1994.??.??"]
[Round "?"]
[White "Listowiecki, Tadeusz"]
[Black "Duch, Mariusz"]
[Result "1/2-1/2"]
[WhiteElo "2100"]
[BlackElo "2275"]
[PlyCount "99"]
[EventDate "1994.??.??"]
[EventType "swiss"]
[EventRounds "10"]
[EventCountry "POL"]
[SourceTitle "EXT 1998"]
[Source "ChessBase"]
[SourceDate "1997.11.17"]
[SourceVersion "1"]
[SourceVersionDate "1997.11.17"]
[SourceQuality "1"]

1. f4 d5 2. b3 Nf6 3. e3 g6 4. Nf3 Bg7 5. Bb2 0-0 6. Be2 c5 7. 0-0 Nc6 8. Ne5 Nxe5 9. Bxe5 Ne8 10. Bxg7 Nxg7 11. Bf3 Rb8 12. Qe2 Qd6 13. Nc3 e6 14. a4 b6 15. a5 Bd7 16. axb6 axb6 17. Ra7 b5 18. Rfa1 Rb6 19. R1a5 Rfb8 20. e4 Bc6 21. e5 Qd8 22. Qf2 d4 23. Ne4 Bxe4 24. Bxe4 Nf5 25. g4 Ne7 26. h4 Nc6 27. Bxc6 Rxc6 28. h5 d3 29. c3 Qd5 30. hxg6 hxg6 31. Rxb5 Rcc8 32. c4 Qe4 33. Qe3 Qxe3+ 34. dxe3 Rxb5 35. cxb5 Rd8 36. Ra1 d2 37. Rd1 Rd3 38. Kf2 Kf8 39. Ke2 Rxb3 40. Rxd2 Rxb5 41. Rd7 c4 42. Rc7 Rb2+ 43. Kf3 Rc2 44. Ke4 Rc3 45. Kd4 Rd3+ 46. Ke4 Rc3 47. g5 Ke8 48. Ra7 Kf8 49. Kd4 Rd3+ 50. Ke4 1/2-1/2

[Event "Hessenliga 9394"]
[Site "Germany"]
[Date "1993.??.??"]
[Round "?"]
[White "Claus, Caroline"]
[Black "Duch, Mariusz"]
[Result "0-1"]
[WhiteElo "2135"]
[BlackElo "2275"]
[PlyCount "82"]
[EventDate "1993.??.??"]
[EventType "team"]
[EventRounds "11"]
[EventCountry "GER"]
[SourceTitle "GER"]
[Source "ChessBase"]
[SourceDate "1999.07.01"]
[SourceVersion "1"]
[SourceVersionDate "1999.07.01"]
[SourceQuality "1"]

1. e4 g6 2. d4 Bg7 3. Nf3 d6 4. Nc3 Bg4 5. Be2 Nc6 6. Be3 e5 7. dxe5 Bxf3 8. Bxf3 Nxe5 9. Be2 Nf6 10. 0-0 0-0 11. Bg5 Re8 12. f4 Ned7 13. Bg4 c6 14. Bxd7 Qxd7 15. Qf3 Qg4 16. Qd3 h6 17. h3 Qh5 18. Bxf6 Qc5+ 19. Kh1 Bxf6 20. Rae1 Rad8 21. Nd1 Qd4 22. Qf3 Qc4 23. b3 Qxc2 24. Re2 Qc5 25. e5 Bg7 26. f5 Rxe5 27. fxg6 fxg6 28. Qf7+ Kh7 29. Rxe5 Qxe5 30. Qxb7 Qe2 31. Rg1 Qxa2 32. Nc3 Qc2 33. Qe7 Rf8 34. Ne4 Qxb3 35. Nxd6 a5 36. Re1 a4 37. Ne4 a3 38. Nc5 Qf7 39. Qd6 a2 40. Qxc6 Qf1+ 41. Rxf1 Rxf1+ 0-1

[Event "Darmstadt Heinerfestpokal op"]
[Site "Darmstadt"]
[Date "1993.??.??"]
[Round "?"]
[White "Duch, Mariusz"]
[Black "Gawronski, Miroslaw"]
[Result "0-1"]
[WhiteElo "2275"]
[BlackElo "2275"]
[PlyCount "61"]
[EventDate "1993.??.??"]
[EventType "swiss"]
[EventRounds "9"]
[EventCountry "GER"]
[SourceTitle "EXT 2001"]
[Source "ChessBase"]
[SourceDate "2000.11.22"]
[SourceVersion "1"]
[SourceVersionDate "2000.11.22"]
[SourceQuality "1"]

1. Nf3 d5 2. g3 g6 3. Bg2 Bg7 4. 0-0 e6 5. d4 Ne7 6. Nbd2 0-0 7. e4 dxe4 8. Nxe4 Nd7 9. Qe2 b6 10. h4 Bb7 11. c3 h6 12. Re1 Rc8 13. a4 Nc6 14. Bf4 Re8 15. Qd2 Na5 16. Qd3 Bxe4 17. Qxe4 c5 18. dxc5 Nxc5 19. Qc2 Qd3 20. Qe2 Nc4 21. Bf1 Red8 22. Nh2 Qxe2 23. Rxe2 e5 24. Be3 Nd3 25. Rb1 f5 26. b3 Nxe3 27. Rxe3 Rxc3 28. Nf3 e4 29. Bxd3 Bd4 30. Re2 Rxd3 31. Ne1 0-1